000 00913nam a2200217Ia 4500
001 5117
003 GE_BSU
008 181216s||||||||xx |||||||||||||| ||und||
040 _cGE_BSU
080 _a624.012.4
100 _aღლონტი,ნ. სოხაძე,ა.
245 _aრკინაბეტონის კონსტრუქციების ელემენტების გაანგარიშების მაგალითები.
245 _cრედ.გ.კიზირია.
260 _aთბ.
260 _bსპი.
260 _c1981.
300 _a115გვ;22სმ;ბიბლიოგრ.:გვ.150.
300 _eნახაზ.
653 _aრკინაბეტონის კონსტრუქციების ელემენტების გაანგარიშების მაგალითები.
942 _cBK
999 _c38768
_d38768